000
00383nam a22001577a 4500
003
MPLRDC
005
20220104123744.0
008
210129b ||||| |||| 00| 0 eng d
082
_a
414.5 YYWS
100
_a
不详
245
_a
中医常用草药中药方剂手册
_c
260
_a
_b
医药卫生出版社
_c
1972
300
_b
平
650
_a
药性
942
_c
BK
_o
414.5 YYWS
999
_c
13943
_d
13933